Daivathinte swantham naattil/ (Record no. 9696)

000 -LEADER
fixed length control field 00404nam a22001571a 4500
082 ## - DEWEY DECIMAL CLASSIFICATION NUMBER
Classification number M3
Item number NAL/D
100 ## - MAIN ENTRY--PERSONAL NAME
Personal name Nalini Bekkal
9 (RLIN) 58859
245 ## - TITLE STATEMENT
Title Daivathinte swantham naattil/
Statement of responsibility, etc. by Nalini Bekkal
260 ## - PUBLICATION, DISTRIBUTION, ETC.
Place of publication, distribution, etc. Thrissur:
Name of publisher, distributor, etc. Current Books,
Date of publication, distribution, etc. 1999.
300 ## - PHYSICAL DESCRIPTION
Extent 88p.
500 ## - GENERAL NOTE
General note N
650 ## - SUBJECT ADDED ENTRY--TOPICAL TERM
Topical term or geographic name entry element Novel Malayalam
9 (RLIN) 58860
650 ## - SUBJECT ADDED ENTRY--TOPICAL TERM
Topical term or geographic name entry element Literature Malayalam
9 (RLIN) 58861
650 ## - SUBJECT ADDED ENTRY--TOPICAL TERM
Topical term or geographic name entry element Literature
9 (RLIN) 58862
942 ## - ADDED ENTRY ELEMENTS (KOHA)
Koha item type Book
Holdings
Withdrawn status Lost status Damaged status Not for loan Permanent Location Current Location Date acquired Cost, normal purchase price Total Checkouts Full call number Barcode Date last seen Date last checked out Cost, replacement price Price effective from Koha item type Shelving location Source of classification or shelving scheme
        Sree Sankaracharya University of Sanskrit Sree Sankaracharya University of Sanskrit 08.01.2015 44.00 3 M3 NAL/D 050250 26.07.2019 16.07.2019 0.00 08.01.2015 Book    
        Sree Sankaracharya University of Sanskrit Sree Sankaracharya University of Sanskrit 08.01.2015 44.00   M3 NAL/D 050251 08.01.2015   0.00 08.01.2015 Book    
        Sree Sankaracharya University of Sanskrit Sree Sankaracharya University of Sanskrit 13.09.2018 44.00   M3 NAL/D 091661 13.09.2018     13.09.2018 Book Stacks  
        Sree Sankaracharya University of Sanskrit Sree Sankaracharya University of Sanskrit 16.03.2020 44.00   M3 NAL/D 099525 16.03.2020     16.03.2020 Book Stacks